| 000 | 00632nam a2200193 a 4500 | ||
|---|---|---|---|
| 005 | 20210223130014.0 | ||
| 008 | 060810s1983 mx r 000 0 spa d | ||
| 020 | _a9688160040 | ||
| 035 | _aUPN01000146282 | ||
| 049 | _aCG | ||
| 050 | 4 |
_aF1232 _bB3.7 |
|
| 245 | 0 | 0 | _aBatalla de Churubusco el 20 de agosto de 1847. |
| 260 |
_aMéxico : _bDepartamento del Distrito Federal, _c1983. |
||
| 300 | _a190 p. | ||
| 440 | 0 |
_aConciencia cívica nacional ; _v4 |
|
| 651 | 4 |
_aMEXICO - _xHISTORIA - _yINVASION NORTEAMERICANA, 1846-1848 _915833 |
|
| 651 | 4 |
_aESTADOS UNIDOS - _xHISTORIA - _yGUERRA CON MEXICO, 1846-1848 _923767 |
|
| 905 | _aLibro | ||
| 999 |
_c118428 _d118428 |
||